Organización del banco de programas y proyectos de inversión municipal (BPIM) en el Municipio de Orocué Casanare (Registro nro. 88452)
[ vista simple ]
| 000 -CABECERA | |
|---|---|
| campo de control de longitud fija | 00900nam a2200253Ia 4500 |
| 001 - NÚMERO DE CONTROL | |
| campo de control | 88452 |
| 003 - IDENTIFICADOR DEL NÚMERO DE CONTROL | |
| campo de control | 167035 |
| 005 - FECHA Y HORA DE LA ÚLTIMA TRANSACCIÓN | |
| campo de control | 20251025075544.0 |
| 008 - DATOS DE LONGITUD FIJA--INFORMACIÓN GENERAL | |
| campo de control de longitud fija | ||||||n9999 ||| || || |
| 245 #0 - MENCIÓN DE TÍTULO | |
| Título | Organización del banco de programas y proyectos de inversión municipal (BPIM) en el Municipio de Orocué Casanare |
| 504 ## - NOTA DE BIBLIOGRAFÍA, ETC. | |
| Nota de bibliografía, etc. | incluye bibliografía. |
| 562 ## - NOTA DE IDENTIFICACIÓN DE LA COPIA Y VERSIÓN | |
| Número de copias | 1 |
| 650 #0 - PUNTO DE ACCESO ADICIONAL DE MATERIA--TÉRMINO DE MATERIA | |
| Término de materia o nombre geográfico como elemento de entrada | ANÁLISIS ADMINISTRATIVO |
| 9 (RLIN) | 4467 |
| 650 ## - PUNTO DE ACCESO ADICIONAL DE MATERIA--TÉRMINO DE MATERIA | |
| Término de materia o nombre geográfico como elemento de entrada | ANALISIS DE ESTRATEGIAS |
| 9 (RLIN) | 2773 |
| 650 ## - PUNTO DE ACCESO ADICIONAL DE MATERIA--TÉRMINO DE MATERIA | |
| Término de materia o nombre geográfico como elemento de entrada | BANCO DE PROGRAMAS Y PROYECTOS DE INVERSION MUNICIPAL -BPIM- |
| 9 (RLIN) | 109140 |
| 650 ## - PUNTO DE ACCESO ADICIONAL DE MATERIA--TÉRMINO DE MATERIA | |
| Término de materia o nombre geográfico como elemento de entrada | BANCO DE PROYECTOS |
| 9 (RLIN) | 49779 |
| 650 ## - PUNTO DE ACCESO ADICIONAL DE MATERIA--TÉRMINO DE MATERIA | |
| Término de materia o nombre geográfico como elemento de entrada | DESARROLLO MUNICIPAL |
| 9 (RLIN) | 8410 |
| 650 ## - PUNTO DE ACCESO ADICIONAL DE MATERIA--TÉRMINO DE MATERIA | |
| Término de materia o nombre geográfico como elemento de entrada | OROCUE, CASANARE (COLOMBIA) |
| 9 (RLIN) | 38768 |
| 650 ## - PUNTO DE ACCESO ADICIONAL DE MATERIA--TÉRMINO DE MATERIA | |
| Término de materia o nombre geográfico como elemento de entrada | PLANEACION ECONOMICA |
| 9 (RLIN) | 5550 |
| 650 ## - PUNTO DE ACCESO ADICIONAL DE MATERIA--TÉRMINO DE MATERIA | |
| Término de materia o nombre geográfico como elemento de entrada | PLANEACION MUNICIPAL--COLOMBIA |
| 9 (RLIN) | 66842 |
| 650 #0 - PUNTO DE ACCESO ADICIONAL DE MATERIA--TÉRMINO DE MATERIA | |
| Término de materia o nombre geográfico como elemento de entrada | Proyectos de inversión |
| 9 (RLIN) | 8538 |
| 650 ## - PUNTO DE ACCESO ADICIONAL DE MATERIA--TÉRMINO DE MATERIA | |
| Término de materia o nombre geográfico como elemento de entrada | TESIS Y DISERTACIONES ACADÉMICAS |
| 9 (RLIN) | 109141 |
| 942 ## - ELEMENTOS DE PUNTO DE ACCESO ADICIONAL (KOHA) | |
| Tipo de ítem Koha | Tesis |
| Estado de retiro | Estado de pérdida | Estado dañado | No para préstamo | Código de colección | Localización permanente | Ubicación/localización actual | Coste, precio normal de compra | Total de préstamos | Signatura topográfica completa | Código de barras | Número de copia | Tipo de ítem Koha |
|---|---|---|---|---|---|---|---|---|---|---|---|---|
| Trabajos de Grado | Bogotá - Sede Central | Bogotá - Sede Central | 0.00 | BOG245 2002 | 96912 | 1 | Tesis |

